Подробности
| 000 -МАРКЕР |
| контрольное поле |
02260nam0a2200385 4500 |
| 001 - ИДЕНТИФИКАТОР ЗАПИСИ |
| контрольное поле |
RU\NLR\bibl\1080810 |
| 005 - ИДЕНТИФИКАТОР ВЕРСИИ |
| контрольное поле |
20260406052019.0 |
| 010 ## - МЕЖДУНАРОДНЫЙ СТАНДАРТНЫЙ НОМЕР КНИГИ (ISBN) |
| Номер (ISBN) |
978-5-238-01218-6 |
| Тираж |
2000 |
| 021 ## - НОМЕР ГОСУДАРСТВЕННОЙ РЕГИСТРАЦИИ |
| Код страны |
российская федерация |
| Номер |
2007-19145 |
| Номер Листа государственной регистраци |
1017 |
| 035 ## - ДРУГИЕ СИСТЕМНЫЕ НОМЕРА |
| Идентификатор записи |
(NLR Aleph) 001067995 |
| 100 ## - ДАННЫЕ ОБЩЕЙ ОБРАБОТКИ |
| Данные общей обработки |
20070503d2007 |||y0rusy50 ca |
| 101 0# - ЯЗЫК РЕСУРСА |
| Язык текста, звукозаписи и т.д. |
русский |
| 102 ## - СТРАНА ПУБЛИКАЦИИ ИЛИ ПРОИЗВОДСТВА |
| Страна публикации |
российская федерация |
| 105 ## - ПОЛЕ КОДИРОВАННЫХ ДАННЫХ: ТЕКСТОВЫЕ МАТЕРИАЛЫ, МОНОГРАФИЧЕСКИЕ |
| Кодированные данные о монографическом текстовом документе |
y ||||||||| |
| 200 1# - ЗАГЛАВИЕ И СВЕДЕНИЯ ОБ ОТВЕТСТВЕННОСТИ |
| Основное заглавие |
История государственного управления в России |
| Сведения, относящиеся к заглавию |
учебник для студентов высших учебных заведений, обучающихся по экономическим специальностям |
| -- |
учебник для студентов вузов, обучающихся по специальности "Государственное и муниципальное управление" (080504) |
| Первые сведения об ответственности |
[к.э.н., доц. Ф.О. Айсина, к.ист.н., доц. С.Д. Бородина, к.ист.н., доц. Н.О. Воскресенская и др.] |
| Последующие сведения об ответственности |
под ред. профессоров А.Н. Марковой, Ю.К. Федулова |
| 205 ## - СВЕДЕНИЯ ОБ ИЗДАНИИ |
| Сведения об издании |
3-е изд., перераб. и доп. |
| 210 ## - ПУБЛИКАЦИЯ, РАСПРОСТРАНЕНИЕ И ДР. |
| Место издания, распространения и т.д. |
Москва |
| Имя издателя, распространителя и т. д. |
Юнити |
| -- |
ЮНИТИ-Дана |
| Дата издания, распространения и т.д. |
2007 |
| 215 ## - ФИЗИЧЕСКАЯ ХАРАКТЕРИСТИКА |
| Специфическое обозначение материала и объем |
318, [1] с. |
| Размеры |
22 |
| 225 1# - СЕРИЯ |
| Основное заглавие серии |
Серия "Государственное и муниципальное управление" |
| 300 ## - ОБЩИЕ ПРИМЕЧАНИЯ |
| Текст примечания |
Авт. указаны на 4-й с. |
| 320 ## - ПРИМЕЧАНИЯ О НАЛИЧИИ В ДОКУМЕНТЕ БИБЛИОГРАФИИ / УКАЗАТЕЛЯ |
| Текст примечания |
Библиогр.: с. 313 и в тексте |
| 606 1# - НАИМЕНОВАНИЕ ТЕМЫ КАК ПРЕДМЕТ |
| Наименование темы |
Государственное управление |
| Формальный подзаголовок |
Учебники для высших учебных заведений |
| Тематический подзаголовок |
История |
| Географический подзаголовок |
Россия |
| Системный номер авторитетной/нормативной записи |
2366442 |
| Идентификатор авторитетной/нормативной записи |
RU\NLR\auth\661412763 |
| 686 ## - ИНДЕКСЫ ДРУГИХ КЛАССИФИКАЦИЙ |
| Индекс |
Х2(2)0-523я73 |
| 686 ## - ИНДЕКСЫ ДРУГИХ КЛАССИФИКАЦИЙ |
| Индекс |
Т3(2)0-53я73 |
| 701 #1 - ИМЯ ЛИЦА - АЛЬТЕРНАТИВНАЯ ОТВЕТСТВЕННОСТЬ |
| Код отношения |
Автор |
| Материалы, к которым относится поле |
rus |
| Графика поля |
Кириллица |
| Начальный элемент ввода |
Айсина |
| Часть имени, кроме начального элемента ввода |
Ф. О. |
| Расширение инициалов личного имени |
Факия Османовна |
| Идентификатор авторитетной/нормативной записи |
RU\NLR\auth\777121 |
| Системный номер авторитетной/нормативной записи |
117060 |
| 701 #1 - ИМЯ ЛИЦА - АЛЬТЕРНАТИВНАЯ ОТВЕТСТВЕННОСТЬ |
| Начальный элемент ввода |
Бородина |
| Часть имени, кроме начального элемента ввода |
С. Д. |
| Код отношения |
Автор |
| 701 #1 - ИМЯ ЛИЦА - АЛЬТЕРНАТИВНАЯ ОТВЕТСТВЕННОСТЬ |
| Начальный элемент ввода |
Воскресенская |
| Часть имени, кроме начального элемента ввода |
Н. О. |
| Код отношения |
Автор |
| 702 #1 - ИМЯ ЛИЦА - ВТОРИЧНАЯ ОТВЕТСТВЕННОСТЬ |
| Код отношения |
Редактор |
| Материалы, к которым относится поле |
rus |
| Графика поля |
Кириллица |
| Начальный элемент ввода |
Маркова |
| Часть имени, кроме начального элемента ввода |
А. Н. |
| Дополнения к именам, кроме дат |
д-р экон. наук |
| Даты |
1924- |
| Расширение инициалов личного имени |
Анна Николаевна |
| Идентификатор авторитетной/нормативной записи |
RU\NLR\auth\777122 |
| Системный номер авторитетной/нормативной записи |
117061 |
| 801 #0 - ИСТОЧНИК ЗАПИСИ |
| Страна |
российская федерация |
| Организация |
NLR |
| Дата составления |
20070503 |
| Правила каталогизации |
RCR |
| 801 #1 - ИСТОЧНИК ЗАПИСИ |
| Страна |
российская федерация |
| Организация |
NLR |
| Дата составления |
20070503 |
| 942 ## - ДОПОЛНИТЕЛЬНЫЕ ЭЛЕМЕНТЫ ЗАПИСИ (АБИС) |
| Тип экземпляра АБИС |
Книга |
| 980 ## - КОЛЛЕКЦИЯ |
| Название коллекции |
Национальная библиография |